Farm Alphabet - Statistics

General Stats
  • This quiz has been taken 31 times
  • The average score is 18 of 26
Answer Stats
Picture Hint Answer % Correct
C Cow
100%
D Duck
100%
E Egg
100%
M Milk
100%
P Pig
100%
R Rooster
100%
B Barn
96%
G Goat
96%
H Hay
96%
S Sheep
96%
Z Zebra
96%
k Kittens
93%
L Lamb
93%
T Turkey
89%
V Vulture
82%
O Ox
71%
F Farmhouse
68%
I incubator
68%
Q Quail
64%
X Xerus
43%
J jersy cow
18%
W white turkey
14%
Y yalk
11%
A Andalusian Horse
4%
N National show horse
4%
U Ukrainian Saddle
4%
No matching quizzes found
Score Distribution
Percent of People with Each Score
Percentile by Number Answered
Your Score History
You have not taken this quiz